| 000 | 00602nam a2200181 i 4500 | ||
|---|---|---|---|
| 001 | 98900 | ||
| 003 | ES-MaACL | ||
| 005 | 20230906182412.0 | ||
| 007 | t| | ||
| 008 | 950915s1881 sp ||||1| spa d | ||
| 040 |
_aCAM _bspa _cCAM |
||
| 100 | 1 |
_aEchegaray, José, _d1832-1916 _946526 |
|
| 245 | 1 | 3 |
_aEl gran galeoto _b: drama en tres actos y en verso, precedido de un diálogo en prosa / _cpor José Echegaray. |
| 260 |
_aMadrid : _b[s.n.], _c1881 ( _fImpr. de José Rodríguez) |
||
| 300 |
_a128 p. ; _c20 cm. |
||
| 852 |
_aES-MaACL _jB-3095(7) _z.- Enc. en un vol. facticio |
||
| 999 |
_c98900 _d98900 |
||